Numeri Romani Decodifica - Statistics

Statistiche generali
  • Questo quiz è stato fatto 1.423 volte
  • Il punteggio medio è 14 su 20
Statistiche sulle risposte
romano arabico % Corretto
I 1
100%
M 1000
100%
MIII 1003
100%
MIX 1009
100%
MXII 1012
100%
MXX 1020
100%
MXXI 1021
100%
MXXV 1025
100%
MXXVI 1026
100%
MXXX 1030
100%
MXXXIII 1033
100%
MXXXV 1035
100%
MXLII 1042
100%
MXLIII 1043
100%
MXLVI 1046
100%
MXLVII 1047
100%
CV 105
100%
MLII 1052
100%
MLIV 1054
100%
MLVIII 1058
100%
MLXVI 1066
100%
MLXX 1070
100%
MLXXVI 1076
100%
MLXXIX 1079
100%
MXCI 1091
100%
MXCIV 1094
100%
MXCVII 1097
100%
CX 110
100%
MC 1100
100%
MCIV 1104
100%
MCV 1105
100%
MCVI 1106
100%
MCVIII 1108
100%
MCXII 1112
100%
MCXIV 1114
100%
MCXVI 1116
100%
MCXVIII 1118
100%
MCXIX 1119
100%
MCXX 1120
100%
MCXXI 1121
100%
MCXXV 1125
100%
MCXXIX 1129
100%
MCXXX 1130
100%
MCXXXII 1132
100%
MCXXXV 1135
100%
MCXXXVII 1137
100%
MCXXXVIII 1138
100%
MCXLI 1141
100%
MCXLV 1145
100%
MCXLVII 1147
100%
MCXLVIII 1148
100%
MCLIII 1153
100%
MCLV 1155
100%
MCLVII 1157
100%
MCLVIII 1158
100%
MCLIX 1159
100%
MCLXII 1162
100%
MCLXVIII 1168
100%
MCLXX 1170
100%
MCLXXIII 1173
100%
MCLXXIV 1174
100%
MCLXXV 1175
100%
MCLXXVI 1176
100%
MCLXXX 1180
100%
MCLXXXVII 1187
100%
MCXCI 1191
100%
MCXCIX 1199
100%
MCCII 1202
100%
MCCVI 1206
100%
MCCVII 1207
100%
MCCX 1210
100%
MCCXIV 1214
100%
MCCXV 1215
100%
MCCXX 1220
100%
MCCXXI 1221
100%
MCCXXIII 1223
100%
MCCXXIX 1229
100%
MCCXXX 1230
100%
MCCXXXI 1231
100%
MCCXXXII 1232
100%
MCCXXXVIII 1238
100%
MCCXXXIX 1239
100%
MCCLIII 1253
100%
MCCLXI 1261
100%
MCCLXII 1262
100%
MCCLXXIII 1273
100%
MCCLXXVI 1276
100%
MCCLXXVIII 1278
100%
MCCLXXXII 1282
100%
MCCLXXXIV 1284
100%
MCCLXXXVI 1286
100%
MCCXCI 1291
100%
MCCXCVI 1296
100%
MCCXCVIII 1298
100%
MCCXCIX 1299
100%
CXXX 130
100%
MCCC 1300
100%
MCCCI 1301
100%
MCCCII 1302
100%
MCCCIII 1303
100%
MCCCIV 1304
100%
MCCCVII 1307
100%
MCCCXII 1312
100%
MCCCXIII 1313
100%
MCCCXV 1315
100%
MCCCXVII 1317
100%
MCCCXIX 1319
100%
MCCCXXIII 1323
100%
MCCCXXV 1325
100%
MCCCXXVII 1327
100%
MCCCXXX 1330
100%
MCCCXXXIII 1333
100%
MCCCXXXV 1335
100%
MCCCXXXVI 1336
100%
MCCCXXXVIII 1338
100%
MCCCXLII 1342
100%
MCCCXLV 1345
100%
MCCCL 1350
100%
MCCCLI 1351
100%
MCCCLVII 1357
100%
MCCCLIX 1359
100%
CXXXVI 136
100%
MCCCLX 1360
100%
MCCCLXIV 1364
100%
MCCCLXVII 1367
100%
MCCCLXIX 1369
100%
MCCCLXXVII 1377
100%
MCCCLXXX 1380
100%
MCCCXC 1390
100%
MCCCXCIII 1393
100%
MCCCXCVII 1397
100%
MCD 1400
100%
MCDII 1402
100%
MCDVI 1406
100%
MCDVII 1407
100%
MCDXIV 1414
100%
MCDXVII 1417
100%
MCDXIX 1419
100%
MCDXXII 1422
100%
MCDXXVIII 1428
100%
MCDXXXII 1432
100%
MCDXXXIII 1433
100%
MCDXLIII 1443
100%
MCDXLV 1445
100%
MCDLI 1451
100%
MCDLII 1452
100%
MCDLVII 1457
100%
CXLVI 146
100%
MCDLXIII 1463
100%
MCDLXV 1465
100%
MCDLXVII 1467
100%
MCDLXXI 1471
100%
MCDLXXVIII 1478
100%
MCDLXXXI 1481
100%
MCDLXXXV 1485
100%
MCDLXXXVIII 1488
100%
MCDXC 1490
100%
MCDXCVII 1497
100%
MDIX 1509
100%
MDXIX 1519
100%
CLII 152
100%
MDXXIV 1524
100%
MDXXIX 1529
100%
MDXXX 1530
100%
MDXXXIII 1533
100%
MDXXXIV 1534
100%
MDXXXV 1535
100%
MDXLV 1545
100%
CLV 155
100%
MDLVII 1557
100%
CLVI 156
100%
MDLX 1560
100%
MDLXVI 1566
100%
MDLXVII 1567
100%
MDLXXI 1571
100%
MDLXXVII 1577
100%
MDLXXVIII 1578
100%
MDLXXIX 1579
100%
CLVIII 158
100%
MDLXXXIV 1584
100%
CLIX 159
100%
MDXC 1590
100%
MDXCII 1592
100%
MDC 1600
100%
MDCIV 1604
100%
MDCVI 1606
100%
MDCIX 1609
100%
MDCX 1610
100%
MDCXIII 1613
100%
MDCXXIX 1629
100%
MDCXXXIII 1633
100%
MDCXXXV 1635
100%
MDCXLVII 1647
100%
MDCLI 1651
100%
MDCLIX 1659
100%
CLXVI 166
100%
MDCLXXI 1671
100%
MDCLXXV 1675
100%
MDCLXXVII 1677
100%
MDCLXXXV 1685
100%
MDCXCI 1691
100%
MDCXCIII 1693
100%
MDCXCVIII 1698
100%
MDCCIII 1703
100%
MDCCVIII 1708
100%
MDCCXI 1711
100%
MDCCXVII 1717
100%
MDCCXXVI 1726
100%
MDCCXXXI 1731
100%
MDCCXXXII 1732
100%
CLXXIV 174
100%
MDCCXLVI 1746
100%
MDCCL 1750
100%
MDCCLIII 1753
100%
MDCCLX 1760
100%
MDCCLXI 1761
100%
MDCCLXII 1762
100%
MDCCLXV 1765
100%
MDCCLXVII 1767
100%
MDCCLXXVII 1777
100%
MDCCLXXXVII 1787
100%
CLXXIX 179
100%
MDCCXCI 1791
100%
MDCCXCIV 1794
100%
MDCCXCVIII 1798
100%
CLXXX 180
100%
MDCCCIII 1803
100%
MDCCCVI 1806
100%
MDCCCIX 1809
100%
CLXXXI 181
100%
MDCCCXII 1812
100%
MDCCCXVII 1817
100%
CLXXXII 182
100%
MDCCCXXV 1825
100%
CLXXXIII 183
100%
MDCCCXXXII 1832
100%
MDCCCXXXIV 1834
100%
MDCCCXXXVI 1836
100%
MDCCCXL 1840
100%
MDCCCXLIX 1849
100%
MDCCCLI 1851
100%
MDCCCLII 1852
100%
MDCCCLIV 1854
100%
MDCCCLXIV 1864
100%
MDCCCLXVII 1867
100%
MDCCCLXXIV 1874
100%
MDCCCLXXVI 1876
100%
MDCCCLXXVIII 1878
100%
MDCCCLXXIX 1879
100%
MDCCCLXXXIII 1883
100%
MDCCCXCI 1891
100%
MDCCCXCV 1895
100%
MDCCCXCIX 1899
100%
MCM 1900
100%
MCMV 1905
100%
MCMVII 1907
100%
MCMXI 1911
100%
MCMXV 1915
100%
MCMXVIII 1918
100%
MCMXXVII 1927
100%
MCMXXXI 1931
100%
MCMXXXV 1935
100%
MCMXXXVII 1937
100%
MCMXXXIX 1939
100%
MCMXLIII 1943
100%
CXCV 195
100%
MCML 1950
100%
MCMLI 1951
100%
MCMLIV 1954
100%
MCMLVI 1956
100%
MCMLVIII 1958
100%
MCMLXIV 1964
100%
MCMLXIX 1969
100%
MCMLXXII 1972
100%
MCMLXXIV 1974
100%
MCMLXXXV 1985
100%
MCMLXXXIX 1989
100%
CXCIX 199
100%
MCMXCVI 1996
100%
CC 200
100%
MM 2000
100%
CCI 201
100%
CCII 202
100%
CCIII 203
100%
CCIV 204
100%
CCVII 207
100%
CCVIII 208
100%
CCIX 209
100%
CCX 210
100%
CCXII 212
100%
CCXVIII 218
100%
CCXIX 219
100%
CCXX 220
100%
CCXXIII 223
100%
CCXXX 230
100%
CCXXXII 232
100%
CCXXXIII 233
100%
CCXXXIV 234
100%
CCXXXV 235
100%
CCXXXVII 237
100%
CCXXXVIII 238
100%
CCXLI 241
100%
CCXLIII 243
100%
CCXLV 245
100%
CCXLVI 246
100%
CCL 250
100%
CCLI 251
100%
CCLIV 254
100%
CCLV 255
100%
CCLVII 257
100%
CCLXII 262
100%
CCLXV 265
100%
CCLXVI 266
100%
CCLXVII 267
100%
CCLXVIII 268
100%
CCLXXXI 281
100%
CCLXXXII 282
100%
CCLXXXVI 286
100%
CCLXXXVIII 288
100%
CCXCV 295
100%
CCXCIX 299
100%
CCC 300
100%
CCCI 301
100%
CCCII 302
100%
CCCV 305
100%
CCCVII 307
100%
CCCVIII 308
100%
CCCIX 309
100%
CCCXI 311
100%
CCCXII 312
100%
CCCXVI 316
100%
CCCXXII 322
100%
CCCXXIII 323
100%
CCCXXIV 324
100%
CCCXXIX 329
100%
CCCXXX 330
100%
CCCXXXI 331
100%
CCCXXXIV 334
100%
CCCXXXVII 337
100%
CCCXXXIX 339
100%
CCCXLIII 343
100%
CCCXLIV 344
100%
CCCXLVI 346
100%
CCCXLVII 347
100%
CCCXLVIII 348
100%
CCCXLIX 349
100%
CCCL 350
100%
CCCLI 351
100%
CCCLVI 356
100%
CCCLIX 359
100%
CCCLX 360
100%
CCCLXX 370
100%
CCCLXXIII 373
100%
CCCLXXIV 374
100%
CCCLXXXI 381
100%
CCCLXXXII 382
100%
CCCLXXXIII 383
100%
CCCLXXXVI 386
100%
CCCLXXXVII 387
100%
CCCLXXXIX 389
100%
CCCXCII 392
100%
CCCXCIV 394
100%
CCCXCV 395
100%
CCCXCVI 396
100%
CCCXCIX 399
100%
CD 400
100%
CDII 402
100%
CDV 405
100%
CDVII 407
100%
CDIX 409
100%
CDXI 411
100%
CDXXI 421
100%
CDXXXI 431
100%
CDXXXV 435
100%
CDXLIV 444
100%
CDLXXII 472
100%
CDLXXVI 476
100%
CDLXXIX 479
100%
CDLXXXI 481
100%
CDXCIV 494
100%
CDXCVI 496
100%
CDXCVIII 498
100%
DI 501
100%
DVII 507
100%
LI 51
100%
DX 510
100%
DXV 515
100%
DXVIII 518
100%
DXXIII 523
100%
DXXIV 524
100%
DXXVII 527
100%
DXXXV 535
100%
DXXXVII 537
100%
DXLI 541
100%
DXLVI 546
100%
DXLVIII 548
100%
DXLIX 549
100%
DLIX 559
100%
DLXXVII 577
100%
DLXXVIII 578
100%
DLXXXIII 583
100%
DLXXXVI 586
100%
DLXXXVIII 588
100%
LIX 59
100%
DXC 590
100%
DXCVII 597
100%
DXCIX 599
100%
DCV 605
100%
DCXVI 616
100%
DCXIX 619
100%
DCXX 620
100%
DCXXI 621
100%
DCXXX 630
100%
DCXXXVII 637
100%
DCLIV 654
100%
DCLIX 659
100%
DCLXV 665
100%
DCLXVIII 668
100%
LXVII 67
100%
DCLXXIX 679
100%
LXVIII 68
100%
DCLXXXIII 683
100%
DCXC 690
100%
DCCI 701
100%
DCCVII 707
100%
DCCX 710
100%
DCCXII 712
100%
DCCXX 720
100%
DCCXXIV 724
100%
DCCXXV 725
100%
DCCXXVIII 728
100%
DCCXXX 730
100%
DCCXXXIV 734
100%
DCCXLV 745
100%
DCCXLVI 746
100%
DCCXLVII 747
100%
DCCXLIX 749
100%
DCCLVI 756
100%
DCCLIX 759
100%
DCCLX 760
100%
DCCLXVIII 768
100%
DCCLXIX 769
100%
DCCLXXV 775
100%
DCCLXXVI 776
100%
DCCLXXX 780
100%
DCCLXXXVI 786
100%
DCCLXXXVIII 788
100%
DCCLXXXIX 789
100%
DCCXCVI 796
100%
DCCCII 802
100%
DCCCVI 806
100%
DCCCXIV 814
100%
DCCCXX 820
100%
DCCCXXI 821
100%
DCCCXXXVI 836
100%
DCCCXXXVII 837
100%
DCCCXXXVIII 838
100%
DCCCXLVII 847
100%
DCCCXLVIII 848
100%
DCCCXLIX 849
100%
DCCCL 850
100%
DCCCLIII 853
100%
DCCCLVI 856
100%
DCCCLVIII 858
100%
DCCCLXVII 867
100%
DCCCLXXII 872
100%
DCCCLXXIII 873
100%
DCCCLXXVII 877
100%
DCCCLXXX 880
100%
DCCCLXXXI 881
100%
DCCCLXXXII 882
100%
DCCCLXXXVI 886
100%
DCCCXCIII 893
100%
DCCCXCVIII 898
100%
CMIII 903
100%
CMXIII 913
100%
CMXV 915
100%
CMXX 920
100%
CMXXII 922
100%
CMXXIV 924
100%
CMXXX 930
100%
CMXXXVII 937
100%
CMXXXVIII 938
100%
CMXLIII 943
100%
CML 950
100%
CMLIV 954
100%
CMLVI 956
100%
CMLXV 965
100%
CMLXVII 967
100%
CMLXX 970
100%
CMLXXII 972
100%
CMLXXIV 974
100%
CMLXXVI 976
100%
CMLXXVII 977
100%
CMLXXIX 979
100%
CMXCIII 993
100%
CMXCIX 999
100%
IV 4
98%
XV 15
97%
VII 7
97%
XVI 16
96%
XIV 14
95%
XXII 22
95%
XII 12
94%
XXX 30
94%
VI 6
94%
X 10
93%
XIII 13
93%
LXVI 66
93%
IX 9
93%
XCIV 94
93%
C 100
92%
CXX 120
92%
II 2
92%
LXX 70
92%
XVII 17
91%
V 5
91%
LIV 54
91%
LXII 62
91%
VIII 8
91%
LXXXVII 87
91%
XI 11
90%
XXV 25
90%
XXIX 29
90%
III 3
90%
XXXVII 37
90%
XLI 41
90%
CXV 115
89%
XVIII 18
89%
XIX 19
89%
XXI 21
89%
XXVIII 28
89%
XXXI 31
89%
LXXIV 74
89%
LXXVI 76
89%
XXVI 26
88%
XXXIII 33
88%
CVI 106
87%
CXXXII 132
87%
L 50
87%
CXXII 122
86%
XX 20
86%
LVII 57
86%
LXXX 80
86%
LXXXV 85
86%
CI 101
85%
XXXVI 36
85%
XXXVIII 38
85%
XXXIX 39
85%
XCII 92
85%
CXXVII 127
84%
XXVII 27
84%
CXXXI 131
83%
CLIII 153
83%
CLXXVI 176
83%
CCV 205
83%
XXIII 23
83%
XXIV 24
83%
CCLXXVI 276
83%
CCLXXX 280
83%
CCCXXVIII 328
83%
CCCLVII 357
83%
CCCLXXX 380
83%
CDLXXXVII 487
83%
LII 52
83%
LXI 61
83%
XCVI 96
83%
CII 102
82%
CVIII 108
82%
CXVII 117
82%
CXXVI 126
82%
CXLIII 143
82%
CXLV 145
82%
LVIII 58
82%
LX 60
82%
XCI 91
82%
XXXIV 34
81%
XXXV 35
81%
CIV 104
80%
CIX 109
80%
CXIV 114
80%
CXVIII 118
80%
CXXXIV 134
80%
CXCII 192
80%
CCXIV 214
80%
CCXXV 225
80%
CCLXX 270
80%
CCCVI 306
80%
CCCXXV 325
80%
CCCLVIII 358
80%
CCCLXII 362
80%
CCCLXXVIII 378
80%
CCCLXXXIV 384
80%
XLII 42
80%
XLIV 44
80%
CDLXXXVI 486
80%
CDLXXXVIII 488
80%
LVI 56
80%
XCIII 93
80%
CXXIV 124
79%
XL 40
79%
XLV 45
79%
CXXXIII 133
78%
XXXII 32
78%
XC 90
78%
CXVI 116
77%
CXIX 119
77%
XLVIII 48
77%
LIII 53
77%
LXXII 72
77%
LXXXVIII 88
77%
LXXXIX 89
77%
CXIII 113
75%
CLIV 154
75%
CLXXV 175
75%
CLXXXIV 184
75%
CXCVIII 198
75%
CCXI 211
75%
CCXXI 221
75%
CCXXVI 226
75%
CCXXIX 229
75%
CCXXXIX 239
75%
CCLII 252
75%
CCLXIII 263
75%
CCLXXI 271
75%
CCLXXXIV 284
75%
CCXCIII 293
75%
CCXCVI 296
75%
CCXCVIII 298
75%
CCCIII 303
75%
CCCX 310
75%
CCCXX 320
75%
CCCXL 340
75%
CCCLV 355
75%
CCCLXI 361
75%
CCCLXVIII 368
75%
CCCXCIII 393
75%
CDIV 404
75%
CDXVII 417
75%
CDXLIII 443
75%
CDLVI 456
75%
CDLXX 470
75%
CDLXXXIV 484
75%
DVIII 508
75%
LXIII 63
75%
LXXI 71
75%
XLIII 43
74%
CXII 112
73%
CXXXVIII 138
73%
CL 150
73%
LXXXIII 83
72%
CXXVIII 128
71%
CCXXXI 231
71%
CCLX 260
71%
CCCXXI 321
71%
XLVII 47
71%
CDXC 490
71%
LV 55
71%
LXXIII 73
71%
LXXXII 82
71%
XCVIII 98
71%
XLIX 49
70%
LXXXIV 84
70%
LXXXVI 86
70%
CXXI 121
69%
CXXXV 135
69%
LXIX 69
69%
CXXIX 129
67%
CXLII 142
67%
CLI 151
67%
MDXXI 1521
67%
CLX 160
67%
CLXI 161
67%
CLXXI 171
67%
CLXXVIII 178
67%
CLXXXV 185
67%
CLXXXVI 186
67%
CLXXXIX 189
67%
CXCIII 193
67%
CCVI 206
67%
CCXV 215
67%
CCXXII 222
67%
CCXLIV 244
67%
CCXLVII 247
67%
CCXLIX 249
67%
CCLXXII 272
67%
CCXC 290
67%
CCCIV 304
67%
CCCXIV 314
67%
CCCXV 315
67%
CCCXXVI 326
67%
CCCXXVII 327
67%
CCCXXXII 332
67%
CCCXXXV 335
67%
CCCXXXVI 336
67%
CCCXLV 345
67%
CCCLXVII 367
67%
CCCLXXV 375
67%
CCCLXXVI 376
67%
CCCXC 390
67%
CDXVIII 418
67%
CDXXXVI 436
67%
CDXXXIX 439
67%
CDL 450
67%
CDLII 452
67%
XLVI 46
67%
CDLXXI 471
67%
CDLXXV 475
67%
CDLXXVIII 478
67%
CDLXXXII 482
67%
CDXCII 492
67%
DLXXXIX 589
67%
DCXV 615
67%
LXIV 64
67%
DCCLXI 761
67%
LXXVII 77
67%
LXXVIII 78
67%
LXXIX 79
67%
DCCCV 805
67%
XCV 95
67%
CXXXIX 139
64%
CXLIV 144
64%
CXLVIII 148
64%
LXXV 75
64%
XCVII 97
63%
CVII 107
62%
CIII 103
60%
CXLVII 147
60%
CLVII 157
60%
CLXVIII 168
60%
CLXXXVII 187
60%
CXCI 191
60%
CXCVI 196
60%
CCLXIX 269
60%
CCXCVII 297
60%
CCCLII 352
60%
CDXXIV 424
60%
CDXLVIII 448
60%
CDLXVI 466
60%
LXV 65
60%
XCIX 99
60%
CXLIX 149
57%
CCCXLII 342
57%
CXXXVII 137
56%
CXLI 141
56%
CXXV 125
54%
CXL 140
53%
MXXXI 1031
50%
MXCVI 1096
50%
CXI 111
50%
MCLIV 1154
50%
MCLXXVIII 1178
50%
MCXCVII 1197
50%
MCCXIII 1213
50%
CXXIII 123
50%
MCCXLIV 1244
50%
MCCLI 1251
50%
MCCLXXXI 1281
50%
MCCCLXVI 1366
50%
MCDVIII 1408
50%
MCDXLVI 1446
50%
MCDXLVII 1447
50%
MCDLVIII 1458
50%
MCDLXX 1470
50%
MCDXCIX 1499
50%
MDXX 1520
50%
MDXXIII 1523
50%
MDXLIII 1543
50%
MDXCV 1595
50%
MDCLX 1660
50%
MDCLXXVIII 1678
50%
CLXX 170
50%
MDCC 1700
50%
MDCCII 1702
50%
MDCCXXVIII 1728
50%
CLXXIII 173
50%
MDCCXXXIII 1733
50%
MDCCXL 1740
50%
CLXXVII 177
50%
MDCCLXXIX 1779
50%
CLXXXVIII 188
50%
MDCCCLXXX 1880
50%
MDCCCXCVII 1897
50%
CXC 190
50%
MCMVI 1906
50%
MCMLXIII 1963
50%
MCMLXXX 1980
50%
MCMLXXXIII 1983
50%
MCMLXXXVII 1987
50%
MCMXCI 1991
50%
CCXIII 213
50%
CCXXVII 227
50%
CCXXVIII 228
50%
CCXXXVI 236
50%
CCXLII 242
50%
CCXLVIII 248
50%
CCLIII 253
50%
CCLVI 256
50%
CCLIX 259
50%
CCLXIV 264
50%
CCLXXIII 273
50%
CCLXXV 275
50%
CCLXXIX 279
50%
CCLXXXIX 289
50%
CCXCI 291
50%
CCXCII 292
50%
CCCXIII 313
50%
CCCXVII 317
50%
CCCXXXIII 333
50%
CCCXXXVIII 338
50%
CCCLIII 353
50%
CCCLIV 354
50%
CCCLXV 365
50%
CCCLXIX 369
50%
CCCLXXII 372
50%
CCCLXXVII 377
50%
CCCLXXIX 379
50%
CCCLXXXV 385
50%
CDVI 406
50%
CDXII 412
50%
CDXIII 413
50%
CDXIV 414
50%
CDXV 415
50%
CDXIX 419
50%
CDXXII 422
50%
CDXXV 425
50%
CDXXVII 427
50%
CDXXVIII 428
50%
CDXXIX 429
50%
CDXL 440
50%
CDXLV 445
50%
CDLIII 453
50%
CDLXI 461
50%
CDLXIII 463
50%
CDLXVIII 468
50%
CDLXXXV 485
50%
CDLXXXIX 489
50%
CDXCIII 493
50%
DXVI 516
50%
DXXXVIII 538
50%
DLVI 556
50%
DLXVII 567
50%
DLXX 570
50%
DLXXII 572
50%
DLXXVI 576
50%
DCXVIII 618
50%
DCXLVIII 648
50%
DCLVIII 658
50%
DCLXIX 669
50%
DCLXXIII 673
50%
DCLXXIV 674
50%
DCCIII 703
50%
DCCL 750
50%
DCCLXXVII 777
50%
DCCCXL 840
50%
DCCCLXIV 864
50%
CMXIV 914
50%
CMLXXVIII 978
50%
CMLXXXI 981
50%
CDLVIII 458
44%
LXXXI 81
43%
CLXII 162
40%
CCCXLI 341
40%
CCCLXVI 366
40%
CDLX 460
40%
MCDXII 1412
33%
MDCXVI 1616
33%
CLXV 165
33%
CLXIX 169
33%
CLXXII 172
33%
MDCCLIX 1759
33%
CCXVII 217
33%
CCLVIII 258
33%
CCLXI 261
33%
CCLXXVII 277
33%
CCLXXVIII 278
33%
CCLXXXVII 287
33%
CCXCIV 294
33%
CCCXIX 319
33%
CCCXCVIII 398
33%
CDVIII 408
33%
CDXLI 441
33%
CDXLVII 447
33%
CDLIV 454
33%
CDLXIV 464
33%
CDLXVII 467
33%
CDLXXVII 477
33%
DCXXXVI 636
33%
DCCCXXXIV 834
33%
CMLXXV 975
33%
CCCXCVII 397
25%
CDIII 403
25%
CDXX 420
25%
CDXXXIV 434
25%
CDLXIX 469
25%
CDXCIX 499
25%
DCCCXLIV 844
25%
CMLXIII 963
25%
CDXXVI 426
17%
CDXXXVIII 438
17%
CDXLII 442
17%
CDLXV 465
17%
MI 1001
0%
MII 1002
0%
MIV 1004
0%
MV 1005
0%
MVI 1006
0%
MVII 1007
0%
MVIII 1008
0%
MX 1010
0%
MXI 1011
0%
MXIII 1013
0%
MXIV 1014
0%
MXV 1015
0%
MXVI 1016
0%
MXVII 1017
0%
MXVIII 1018
0%
MXIX 1019
0%
MXXII 1022
0%
MXXIII 1023
0%
MXXIV 1024
0%
MXXVII 1027
0%
MXXVIII 1028
0%
MXXIX 1029
0%
MXXXII 1032
0%
MXXXIV 1034
0%
MXXXVI 1036
0%
MXXXVII 1037
0%
MXXXVIII 1038
0%
MXXXIX 1039
0%
MXL 1040
0%
MXLI 1041
0%
MXLIV 1044
0%
MXLV 1045
0%
MXLVIII 1048
0%
MXLIX 1049
0%
ML 1050
0%
MLI 1051
0%
MLIII 1053
0%
MLV 1055
0%
MLVI 1056
0%
MLVII 1057
0%
MLIX 1059
0%
MLX 1060
0%
MLXI 1061
0%
MLXII 1062
0%
MLXIII 1063
0%
MLXIV 1064
0%
MLXV 1065
0%
MLXVII 1067
0%
MLXVIII 1068
0%
MLXIX 1069
0%
MLXXI 1071
0%
MLXXII 1072
0%
MLXXIII 1073
0%
MLXXIV 1074
0%
MLXXV 1075
0%
MLXXVII 1077
0%
MLXXVIII 1078
0%
MLXXX 1080
0%
MLXXXI 1081
0%
MLXXXII 1082
0%
MLXXXIII 1083
0%
MLXXXIV 1084
0%
MLXXXV 1085
0%
MLXXXVI 1086
0%
MLXXXVII 1087
0%
MLXXXVIII 1088
0%
MLXXXIX 1089
0%
MXC 1090
0%
MXCII 1092
0%
MXCIII 1093
0%
MXCV 1095
0%
MXCVIII 1098
0%
MXCIX 1099
0%
MCI 1101
0%
MCII 1102
0%
MCIII 1103
0%
MCVII 1107
0%
MCIX 1109
0%
MCX 1110
0%
MCXI 1111
0%
MCXIII 1113
0%
MCXV 1115
0%
MCXVII 1117
0%
MCXXII 1122
0%
MCXXIII 1123
0%
MCXXIV 1124
0%
MCXXVI 1126
0%
MCXXVII 1127
0%
MCXXVIII 1128
0%
MCXXXI 1131
0%
MCXXXIII 1133
0%
MCXXXIV 1134
0%
MCXXXVI 1136
0%
MCXXXIX 1139
0%
MCXL 1140
0%
MCXLII 1142
0%
MCXLIII 1143
0%
MCXLIV 1144
0%
MCXLVI 1146
0%
MCXLIX 1149
0%
MCL 1150
0%
MCLI 1151
0%
MCLII 1152
0%
MCLVI 1156
0%
MCLX 1160
0%
MCLXI 1161
0%
MCLXIII 1163
0%
MCLXIV 1164
0%
MCLXV 1165
0%
MCLXVI 1166
0%
MCLXVII 1167
0%
MCLXIX 1169
0%
MCLXXI 1171
0%
MCLXXII 1172
0%
MCLXXVII 1177
0%
MCLXXIX 1179
0%
MCLXXXI 1181
0%
MCLXXXII 1182
0%
MCLXXXIII 1183
0%
MCLXXXIV 1184
0%
MCLXXXV 1185
0%
MCLXXXVI 1186
0%
MCLXXXVIII 1188
0%
MCLXXXIX 1189
0%
MCXC 1190
0%
MCXCII 1192
0%
MCXCIII 1193
0%
MCXCIV 1194
0%
MCXCV 1195
0%
MCXCVI 1196
0%
MCXCVIII 1198
0%
MCC 1200
0%
MCCI 1201
0%
MCCIII 1203
0%
MCCIV 1204
0%
MCCV 1205
0%
MCCVIII 1208
0%
MCCIX 1209
0%
MCCXI 1211
0%
MCCXII 1212
0%
MCCXVI 1216
0%
MCCXVII 1217
0%
MCCXVIII 1218
0%
MCCXIX 1219
0%
MCCXXII 1222
0%
MCCXXIV 1224
0%
MCCXXV 1225
0%
MCCXXVI 1226
0%
MCCXXVII 1227
0%
MCCXXVIII 1228
0%
MCCXXXIII 1233
0%
MCCXXXIV 1234
0%
MCCXXXV 1235
0%
MCCXXXVI 1236
0%
MCCXXXVII 1237
0%
MCCXL 1240
0%
MCCXLI 1241
0%
MCCXLII 1242
0%
MCCXLIII 1243
0%
MCCXLV 1245
0%
MCCXLVI 1246
0%
MCCXLVII 1247
0%
MCCXLVIII 1248
0%
MCCXLIX 1249
0%
MCCL 1250
0%
MCCLII 1252
0%
MCCLIV 1254
0%
MCCLV 1255
0%
MCCLVI 1256
0%
MCCLVII 1257
0%
MCCLVIII 1258
0%
MCCLIX 1259
0%
MCCLX 1260
0%
MCCLXIII 1263
0%
MCCLXIV 1264
0%
MCCLXV 1265
0%
MCCLXVI 1266
0%
MCCLXVII 1267
0%
MCCLXVIII 1268
0%
MCCLXIX 1269
0%
MCCLXX 1270
0%
MCCLXXI 1271
0%
MCCLXXII 1272
0%
MCCLXXIV 1274
0%
MCCLXXV 1275
0%
MCCLXXVII 1277
0%
MCCLXXIX 1279
0%
MCCLXXX 1280
0%
MCCLXXXIII 1283
0%
MCCLXXXV 1285
0%
MCCLXXXVII 1287
0%
MCCLXXXVIII 1288
0%
MCCLXXXIX 1289
0%
MCCXC 1290
0%
MCCXCII 1292
0%
MCCXCIII 1293
0%
MCCXCIV 1294
0%
MCCXCV 1295
0%
MCCXCVII 1297
0%
MCCCV 1305
0%
MCCCVI 1306
0%
MCCCVIII 1308
0%
MCCCIX 1309
0%
MCCCX 1310
0%
MCCCXI 1311
0%
MCCCXIV 1314
0%
MCCCXVI 1316
0%
MCCCXVIII 1318
0%
MCCCXX 1320
0%
MCCCXXI 1321
0%
MCCCXXII 1322
0%
MCCCXXIV 1324
0%
MCCCXXVI 1326
0%
MCCCXXVIII 1328
0%
MCCCXXIX 1329
0%
MCCCXXXI 1331
0%
MCCCXXXII 1332
0%
MCCCXXXIV 1334
0%
MCCCXXXVII 1337
0%
MCCCXXXIX 1339
0%
MCCCXL 1340
0%
MCCCXLI 1341
0%
MCCCXLIII 1343
0%
MCCCXLIV 1344
0%
MCCCXLVI 1346
0%
MCCCXLVII 1347
0%
MCCCXLVIII 1348
0%
MCCCXLIX 1349
0%
MCCCLII 1352
0%
MCCCLIII 1353
0%
MCCCLIV 1354
0%
MCCCLV 1355
0%
MCCCLVI 1356
0%
MCCCLVIII 1358
0%
MCCCLXI 1361
0%
MCCCLXII 1362
0%
MCCCLXIII 1363
0%
MCCCLXV 1365
0%
MCCCLXVIII 1368
0%
MCCCLXX 1370
0%
MCCCLXXI 1371
0%
MCCCLXXII 1372
0%
MCCCLXXIII 1373
0%
MCCCLXXIV 1374
0%
MCCCLXXV 1375
0%
MCCCLXXVI 1376
0%
MCCCLXXVIII 1378
0%
MCCCLXXIX 1379
0%
MCCCLXXXI 1381
0%
MCCCLXXXII 1382
0%
MCCCLXXXIII 1383
0%
MCCCLXXXIV 1384
0%
MCCCLXXXV 1385
0%
MCCCLXXXVI 1386
0%
MCCCLXXXVII 1387
0%
MCCCLXXXVIII 1388
0%
MCCCLXXXIX 1389
0%
MCCCXCI 1391
0%
MCCCXCII 1392
0%
MCCCXCIV 1394
0%
MCCCXCV 1395
0%
MCCCXCVI 1396
0%
MCCCXCVIII 1398
0%
MCCCXCIX 1399
0%
MCDI 1401
0%
MCDIII 1403
0%
MCDIV 1404
0%
MCDV 1405
0%
MCDIX 1409
0%
MCDX 1410
0%
MCDXI 1411
0%
MCDXIII 1413
0%
MCDXV 1415
0%
MCDXVI 1416
0%
MCDXVIII 1418
0%
MCDXX 1420
0%
MCDXXI 1421
0%
MCDXXIII 1423
0%
MCDXXIV 1424
0%
MCDXXV 1425
0%
MCDXXVI 1426
0%
MCDXXVII 1427
0%
MCDXXIX 1429
0%
MCDXXX 1430
0%
MCDXXXI 1431
0%
MCDXXXIV 1434
0%
MCDXXXV 1435
0%
MCDXXXVI 1436
0%
MCDXXXVII 1437
0%
MCDXXXVIII 1438
0%
MCDXXXIX 1439
0%
MCDXL 1440
0%
MCDXLI 1441
0%
MCDXLII 1442
0%
MCDXLIV 1444
0%
MCDXLVIII 1448
0%
MCDXLIX 1449
0%
MCDL 1450
0%
MCDLIII 1453
0%
MCDLIV 1454
0%
MCDLV 1455
0%
MCDLVI 1456
0%
MCDLIX 1459
0%
MCDLX 1460
0%
MCDLXI 1461
0%
MCDLXII 1462
0%
MCDLXIV 1464
0%
MCDLXVI 1466
0%
MCDLXVIII 1468
0%
MCDLXIX 1469
0%
MCDLXXII 1472
0%
MCDLXXIII 1473
0%
MCDLXXIV 1474
0%
MCDLXXV 1475
0%
MCDLXXVI 1476
0%
MCDLXXVII 1477
0%
MCDLXXIX 1479
0%
MCDLXXX 1480
0%
MCDLXXXII 1482
0%
MCDLXXXIII 1483
0%
MCDLXXXIV 1484
0%
MCDLXXXVI 1486
0%
MCDLXXXVII 1487
0%
MCDLXXXIX 1489
0%
MCDXCI 1491
0%
MCDXCII 1492
0%
MCDXCIII 1493
0%
MCDXCIV 1494
0%
MCDXCV 1495
0%
MCDXCVI 1496
0%
MCDXCVIII 1498
0%
MD 1500
0%
MDI 1501
0%
MDII 1502
0%
MDIII 1503
0%
MDIV 1504
0%
MDV 1505
0%
MDVI 1506
0%
MDVII 1507
0%
MDVIII 1508
0%
MDX 1510
0%
MDXI 1511
0%
MDXII 1512
0%
MDXIII 1513
0%
MDXIV 1514
0%
MDXV 1515
0%
MDXVI 1516
0%
MDXVII 1517
0%
MDXVIII 1518
0%
MDXXII 1522
0%
MDXXV 1525
0%
MDXXVI 1526
0%
MDXXVII 1527
0%
MDXXVIII 1528
0%
MDXXXI 1531
0%
MDXXXII 1532
0%
MDXXXVI 1536
0%
MDXXXVII 1537
0%
MDXXXVIII 1538
0%
MDXXXIX 1539
0%
MDXL 1540
0%
MDXLI 1541
0%
MDXLII 1542
0%
MDXLIV 1544
0%
MDXLVI 1546
0%
MDXLVII 1547
0%
MDXLVIII 1548
0%
MDXLIX 1549
0%
MDL 1550
0%
MDLI 1551
0%
MDLII 1552
0%
MDLIII 1553
0%
MDLIV 1554
0%
MDLV 1555
0%
MDLVI 1556
0%
MDLVIII 1558
0%
MDLIX 1559
0%
MDLXI 1561
0%
MDLXII 1562
0%
MDLXIII 1563
0%
MDLXIV 1564
0%
MDLXV 1565
0%
MDLXVIII 1568
0%
MDLXIX 1569
0%
MDLXX 1570
0%
MDLXXII 1572
0%
MDLXXIII 1573
0%
MDLXXIV 1574
0%
MDLXXV 1575
0%
MDLXXVI 1576
0%
MDLXXX 1580
0%
MDLXXXI 1581
0%
MDLXXXII 1582
0%
MDLXXXIII 1583
0%
MDLXXXV 1585
0%
MDLXXXVI 1586
0%
MDLXXXVII 1587
0%
MDLXXXVIII 1588
0%
MDLXXXIX 1589
0%
MDXCI 1591
0%
MDXCIII 1593
0%
MDXCIV 1594
0%
MDXCVI 1596
0%
MDXCVII 1597
0%
MDXCVIII 1598
0%
MDXCIX 1599
0%
MDCI 1601
0%
MDCII 1602
0%
MDCIII 1603
0%
MDCV 1605
0%
MDCVII 1607
0%
MDCVIII 1608
0%
MDCXI 1611
0%
MDCXII 1612
0%
MDCXIV 1614
0%
MDCXV 1615
0%
MDCXVII 1617
0%
MDCXVIII 1618
0%
MDCXIX 1619
0%
MDCXX 1620
0%
MDCXXI 1621
0%
MDCXXII 1622
0%
MDCXXIII 1623
0%
MDCXXIV 1624
0%
MDCXXV 1625
0%
MDCXXVI 1626
0%
MDCXXVII 1627
0%
MDCXXVIII 1628
0%
CLXIII 163
0%
MDCXXX 1630
0%
MDCXXXI 1631
0%
MDCXXXII 1632
0%
MDCXXXIV 1634
0%
MDCXXXVI 1636
0%
MDCXXXVII 1637
0%
MDCXXXVIII 1638
0%
MDCXXXIX 1639
0%
CLXIV 164
0%
MDCXL 1640
0%
MDCXLI 1641
0%
MDCXLII 1642
0%
MDCXLIII 1643
0%
MDCXLIV 1644
0%
MDCXLV 1645
0%
MDCXLVI 1646
0%
MDCXLVIII 1648
0%
MDCXLIX 1649
0%
MDCL 1650
0%
MDCLII 1652
0%
MDCLIII 1653
0%
MDCLIV 1654
0%
MDCLV 1655
0%
MDCLVI 1656
0%
MDCLVII 1657
0%
MDCLVIII 1658
0%
MDCLXI 1661
0%
MDCLXII 1662
0%
MDCLXIII 1663
0%
MDCLXIV 1664
0%
MDCLXV 1665
0%
MDCLXVI 1666
0%
MDCLXVII 1667
0%
MDCLXVIII 1668
0%
MDCLXIX 1669
0%
CLXVII 167
0%
MDCLXX 1670
0%
MDCLXXII 1672
0%
MDCLXXIII 1673
0%
MDCLXXIV 1674
0%
MDCLXXVI 1676
0%
MDCLXXIX 1679
0%
MDCLXXX 1680
0%
MDCLXXXI 1681
0%
MDCLXXXII 1682
0%
MDCLXXXIII 1683
0%
MDCLXXXIV 1684
0%
MDCLXXXVI 1686
0%
MDCLXXXVII 1687
0%
MDCLXXXVIII 1688
0%
MDCLXXXIX 1689
0%
MDCXC 1690
0%
MDCXCII 1692
0%
MDCXCIV 1694
0%
MDCXCV 1695
0%
MDCXCVI 1696
0%
MDCXCVII 1697
0%
MDCXCIX 1699
0%
MDCCI 1701
0%
MDCCIV 1704
0%
MDCCV 1705
0%
MDCCVI 1706
0%
MDCCVII 1707
0%
MDCCIX 1709
0%
MDCCX 1710
0%
MDCCXII 1712
0%
MDCCXIII 1713
0%
MDCCXIV 1714
0%
MDCCXV 1715
0%
MDCCXVI 1716
0%
MDCCXVIII 1718
0%
MDCCXIX 1719
0%
MDCCXX 1720
0%
MDCCXXI 1721
0%
MDCCXXII 1722
0%
MDCCXXIII 1723
0%
MDCCXXIV 1724
0%
MDCCXXV 1725
0%
MDCCXXVII 1727
0%
MDCCXXIX 1729
0%
MDCCXXX 1730
0%
MDCCXXXIV 1734
0%
MDCCXXXV 1735
0%
MDCCXXXVI 1736
0%
MDCCXXXVII 1737
0%
MDCCXXXVIII 1738
0%
MDCCXXXIX 1739
0%
MDCCXLI 1741
0%
MDCCXLII 1742
0%
MDCCXLIII 1743
0%
MDCCXLIV 1744
0%
MDCCXLV 1745
0%
MDCCXLVII 1747
0%
MDCCXLVIII 1748
0%
MDCCXLIX 1749
0%
MDCCLI 1751
0%
MDCCLII 1752
0%
MDCCLIV 1754
0%
MDCCLV 1755
0%
MDCCLVI 1756
0%
MDCCLVII 1757
0%
MDCCLVIII 1758
0%
MDCCLXIII 1763
0%
MDCCLXIV 1764
0%
MDCCLXVI 1766
0%
MDCCLXVIII 1768
0%
MDCCLXIX 1769
0%
MDCCLXX 1770
0%
MDCCLXXI 1771
0%
MDCCLXXII 1772
0%
MDCCLXXIII 1773
0%
MDCCLXXIV 1774
0%
MDCCLXXV 1775
0%
MDCCLXXVI 1776
0%
MDCCLXXVIII 1778
0%
MDCCLXXX 1780
0%
MDCCLXXXI 1781
0%
MDCCLXXXII 1782
0%
MDCCLXXXIII 1783
0%
MDCCLXXXIV 1784
0%
MDCCLXXXV 1785
0%
MDCCLXXXVI 1786
0%
MDCCLXXXVIII 1788
0%
MDCCLXXXIX 1789
0%
MDCCXC 1790
0%
MDCCXCII 1792
0%
MDCCXCIII 1793
0%
MDCCXCV 1795
0%
MDCCXCVI 1796
0%
MDCCXCVII 1797
0%
MDCCXCIX 1799
0%
MDCCC 1800
0%
MDCCCI 1801
0%
MDCCCII 1802
0%
MDCCCIV 1804
0%
MDCCCV 1805
0%
MDCCCVII 1807
0%
MDCCCVIII 1808
0%
MDCCCX 1810
0%
MDCCCXI 1811
0%
MDCCCXIII 1813
0%
MDCCCXIV 1814
0%
MDCCCXV 1815
0%
MDCCCXVI 1816
0%
MDCCCXVIII 1818
0%
MDCCCXIX 1819
0%
MDCCCXX 1820
0%
MDCCCXXI 1821
0%
MDCCCXXII 1822
0%
MDCCCXXIII 1823
0%
MDCCCXXIV 1824
0%
MDCCCXXVI 1826
0%
MDCCCXXVII 1827
0%
MDCCCXXVIII 1828
0%
MDCCCXXIX 1829
0%
MDCCCXXX 1830
0%
MDCCCXXXI 1831
0%
MDCCCXXXIII 1833
0%
MDCCCXXXV 1835
0%
MDCCCXXXVII 1837
0%
MDCCCXXXVIII 1838
0%
MDCCCXXXIX 1839
0%
MDCCCXLI 1841
0%
MDCCCXLII 1842
0%
MDCCCXLIII 1843
0%
MDCCCXLIV 1844
0%
MDCCCXLV 1845
0%
MDCCCXLVI 1846
0%
MDCCCXLVII 1847
0%
MDCCCXLVIII 1848
0%
MDCCCL 1850
0%
MDCCCLIII 1853
0%
MDCCCLV 1855
0%
MDCCCLVI 1856
0%
MDCCCLVII 1857
0%
MDCCCLVIII 1858
0%
MDCCCLIX 1859
0%
MDCCCLX 1860
0%
MDCCCLXI 1861
0%
MDCCCLXII 1862
0%
MDCCCLXIII 1863
0%
MDCCCLXV 1865
0%
MDCCCLXVI 1866
0%
MDCCCLXVIII 1868
0%
MDCCCLXIX 1869
0%
MDCCCLXX 1870
0%
MDCCCLXXI 1871
0%
MDCCCLXXII 1872
0%
MDCCCLXXIII 1873
0%
MDCCCLXXV 1875
0%
MDCCCLXXVII 1877
0%
MDCCCLXXXI 1881
0%
MDCCCLXXXII 1882
0%
MDCCCLXXXIV 1884
0%
MDCCCLXXXV 1885
0%
MDCCCLXXXVI 1886
0%
MDCCCLXXXVII 1887
0%
MDCCCLXXXVIII 1888
0%
MDCCCLXXXIX 1889
0%
MDCCCXC 1890
0%
MDCCCXCII 1892
0%
MDCCCXCIII 1893
0%
MDCCCXCIV 1894
0%
MDCCCXCVI 1896
0%
MDCCCXCVIII 1898
0%
MCMI 1901
0%
MCMII 1902
0%
MCMIII 1903
0%
MCMIV 1904
0%
MCMVIII 1908
0%
MCMIX 1909
0%
MCMX 1910
0%
MCMXII 1912
0%
MCMXIII 1913
0%
MCMXIV 1914
0%
MCMXVI 1916
0%
MCMXVII 1917
0%
MCMXIX 1919
0%
MCMXX 1920
0%
MCMXXI 1921
0%
MCMXXII 1922
0%
MCMXXIII 1923
0%
MCMXXIV 1924
0%
MCMXXV 1925
0%
MCMXXVI 1926
0%
MCMXXVIII 1928
0%
MCMXXIX 1929
0%
MCMXXX 1930
0%
MCMXXXII 1932
0%
MCMXXXIII 1933
0%
MCMXXXIV 1934
0%
MCMXXXVI 1936
0%
MCMXXXVIII 1938
0%
CXCIV 194
0%
MCMXL 1940
0%
MCMXLI 1941
0%
MCMXLII 1942
0%
MCMXLIV 1944
0%
MCMXLV 1945
0%
MCMXLVI 1946
0%
MCMXLVII 1947
0%
MCMXLVIII 1948
0%
MCMXLIX 1949
0%
MCMLII 1952
0%
MCMLIII 1953
0%
MCMLV 1955
0%
MCMLVII 1957
0%
MCMLIX 1959
0%
MCMLX 1960
0%
MCMLXI 1961
0%
MCMLXII 1962
0%
MCMLXV 1965
0%
MCMLXVI 1966
0%
MCMLXVII 1967
0%
MCMLXVIII 1968
0%
CXCVII 197
0%
MCMLXX 1970
0%
MCMLXXI 1971
0%
MCMLXXIII 1973
0%
MCMLXXV 1975
0%
MCMLXXVI 1976
0%
MCMLXXVII 1977
0%
MCMLXXVIII 1978
0%
MCMLXXIX 1979
0%
MCMLXXXI 1981
0%
MCMLXXXII 1982
0%
MCMLXXXIV 1984
0%
MCMLXXXVI 1986
0%
MCMLXXXVIII 1988
0%
MCMXC 1990
0%
MCMXCII 1992
0%
MCMXCIII 1993
0%
MCMXCIV 1994
0%
MCMXCV 1995
0%
MCMXCVII 1997
0%
MCMXCVIII 1998
0%
MCMXCIX 1999
0%
CCXVI 216
0%
CCXXIV 224
0%
CCXL 240
0%
CCLXXIV 274
0%
CCLXXXIII 283
0%
CCLXXXV 285
0%
CCCXVIII 318
0%
CCCLXIII 363
0%
CCCLXIV 364
0%
CCCLXXI 371
0%
CCCLXXXVIII 388
0%
CCCXCI 391
0%
CDI 401
0%
CDX 410
0%
CDXVI 416
0%
CDXXIII 423
0%
CDXXX 430
0%
CDXXXII 432
0%
CDXXXIII 433
0%
CDXXXVII 437
0%
CDXLVI 446
0%
CDXLIX 449
0%
CDLI 451
0%
CDLV 455
0%
CDLVII 457
0%
CDLIX 459
0%
CDLXII 462
0%
CDLXXIII 473
0%
CDLXXIV 474
0%
CDLXXX 480
0%
CDLXXXIII 483
0%
CDXCI 491
0%
CDXCV 495
0%
CDXCVII 497
0%
D 500
0%
DII 502
0%
DIII 503
0%
DIV 504
0%
DV 505
0%
DVI 506
0%
DIX 509
0%
DXI 511
0%
DXII 512
0%
DXIII 513
0%
DXIV 514
0%
DXVII 517
0%
DXIX 519
0%
DXX 520
0%
DXXI 521
0%
DXXII 522
0%
DXXV 525
0%
DXXVI 526
0%
DXXVIII 528
0%
DXXIX 529
0%
DXXX 530
0%
DXXXI 531
0%
DXXXII 532
0%
DXXXIII 533
0%
DXXXIV 534
0%
DXXXVI 536
0%
DXXXIX 539
0%
DXL 540
0%
DXLII 542
0%
DXLIII 543
0%
DXLIV 544
0%
DXLV 545
0%
DXLVII 547
0%
DL 550
0%
DLI 551
0%
DLII 552
0%
DLIII 553
0%
DLIV 554
0%
DLV 555
0%
DLVII 557
0%
DLVIII 558
0%
DLX 560
0%
DLXI 561
0%
DLXII 562
0%
DLXIII 563
0%
DLXIV 564
0%
DLXV 565
0%
DLXVI 566
0%
DLXVIII 568
0%
DLXIX 569
0%
DLXXI 571
0%
DLXXIII 573
0%
DLXXIV 574
0%
DLXXV 575
0%
DLXXIX 579
0%
DLXXX 580
0%
DLXXXI 581
0%
DLXXXII 582
0%
DLXXXIV 584
0%
DLXXXV 585
0%
DLXXXVII 587
0%
DXCI 591
0%
DXCII 592
0%
DXCIII 593
0%
DXCIV 594
0%
DXCV 595
0%
DXCVI 596
0%
DXCVIII 598
0%
DC 600
0%
DCI 601
0%
DCII 602
0%
DCIII 603
0%
DCIV 604
0%
DCVI 606
0%
DCVII 607
0%
DCVIII 608
0%
DCIX 609
0%
DCX 610
0%
DCXI 611
0%
DCXII 612
0%
DCXIII 613
0%
DCXIV 614
0%
DCXVII 617
0%
DCXXII 622
0%
DCXXIII 623
0%
DCXXIV 624
0%
DCXXV 625
0%
DCXXVI 626
0%
DCXXVII 627
0%
DCXXVIII 628
0%
DCXXIX 629
0%
DCXXXI 631
0%
DCXXXII 632
0%
DCXXXIII 633
0%
DCXXXIV 634
0%
DCXXXV 635
0%
DCXXXVIII 638
0%
DCXXXIX 639
0%
DCXL 640
0%
DCXLI 641
0%
DCXLII 642
0%
DCXLIII 643
0%
DCXLIV 644
0%
DCXLV 645
0%
DCXLVI 646
0%
DCXLVII 647
0%
DCXLIX 649
0%
DCL 650
0%
DCLI 651
0%
DCLII 652
0%
DCLIII 653
0%
DCLV 655
0%
DCLVI 656
0%
DCLVII 657
0%
DCLX 660
0%
DCLXI 661
0%
DCLXII 662
0%
DCLXIII 663
0%
DCLXIV 664
0%
DCLXVI 666
0%
DCLXVII 667
0%
DCLXX 670
0%
DCLXXI 671
0%
DCLXXII 672
0%
DCLXXV 675
0%
DCLXXVI 676
0%
DCLXXVII 677
0%
DCLXXVIII 678
0%
DCLXXX 680
0%
DCLXXXI 681
0%
DCLXXXII 682
0%
DCLXXXIV 684
0%
DCLXXXV 685
0%
DCLXXXVI 686
0%
DCLXXXVII 687
0%
DCLXXXVIII 688
0%
DCLXXXIX 689
0%
DCXCI 691
0%
DCXCII 692
0%
DCXCIII 693
0%
DCXCIV 694
0%
DCXCV 695
0%
DCXCVI 696
0%
DCXCVII 697
0%
DCXCVIII 698
0%
DCXCIX 699
0%
DCC 700
0%
DCCII 702
0%
DCCIV 704
0%
DCCV 705
0%
DCCVI 706
0%
DCCVIII 708
0%
DCCIX 709
0%
DCCXI 711
0%
DCCXIII 713
0%
DCCXIV 714
0%
DCCXV 715
0%
DCCXVI 716
0%
DCCXVII 717
0%
DCCXVIII 718
0%
DCCXIX 719
0%
DCCXXI 721
0%
DCCXXII 722
0%
DCCXXIII 723
0%
DCCXXVI 726
0%
DCCXXVII 727
0%
DCCXXIX 729
0%
DCCXXXI 731
0%
DCCXXXII 732
0%
DCCXXXIII 733
0%
DCCXXXV 735
0%
DCCXXXVI 736
0%
DCCXXXVII 737
0%
DCCXXXVIII 738
0%
DCCXXXIX 739
0%
DCCXL 740
0%
DCCXLI 741
0%
DCCXLII 742
0%
DCCXLIII 743
0%
DCCXLIV 744
0%
DCCXLVIII 748
0%
DCCLI 751
0%
DCCLII 752
0%
DCCLIII 753
0%
DCCLIV 754
0%
DCCLV 755
0%
DCCLVII 757
0%
DCCLVIII 758
0%
DCCLXII 762
0%
DCCLXIII 763
0%
DCCLXIV 764
0%
DCCLXV 765
0%
DCCLXVI 766
0%
DCCLXVII 767
0%
DCCLXX 770
0%
DCCLXXI 771
0%
DCCLXXII 772
0%
DCCLXXIII 773
0%
DCCLXXIV 774
0%
DCCLXXVIII 778
0%
DCCLXXIX 779
0%
DCCLXXXI 781
0%
DCCLXXXII 782
0%
DCCLXXXIII 783
0%
DCCLXXXIV 784
0%
DCCLXXXV 785
0%
DCCLXXXVII 787
0%
DCCXC 790
0%
DCCXCI 791
0%
DCCXCII 792
0%
DCCXCIII 793
0%
DCCXCIV 794
0%
DCCXCV 795
0%
DCCXCVII 797
0%
DCCXCVIII 798
0%
DCCXCIX 799
0%
DCCC 800
0%
DCCCI 801
0%
DCCCIII 803
0%
DCCCIV 804
0%
DCCCVII 807
0%
DCCCVIII 808
0%
DCCCIX 809
0%
DCCCX 810
0%
DCCCXI 811
0%
DCCCXII 812
0%
DCCCXIII 813
0%
DCCCXV 815
0%
DCCCXVI 816
0%
DCCCXVII 817
0%
DCCCXVIII 818
0%
DCCCXIX 819
0%
DCCCXXII 822
0%
DCCCXXIII 823
0%
DCCCXXIV 824
0%
DCCCXXV 825
0%
DCCCXXVI 826
0%
DCCCXXVII 827
0%
DCCCXXVIII 828
0%
DCCCXXIX 829
0%
DCCCXXX 830
0%
DCCCXXXI 831
0%
DCCCXXXII 832
0%
DCCCXXXIII 833
0%
DCCCXXXV 835
0%
DCCCXXXIX 839
0%
DCCCXLI 841
0%
DCCCXLII 842
0%
DCCCXLIII 843
0%
DCCCXLV 845
0%
DCCCXLVI 846
0%
DCCCLI 851
0%
DCCCLII 852
0%
DCCCLIV 854
0%
DCCCLV 855
0%
DCCCLVII 857
0%
DCCCLIX 859
0%
DCCCLX 860
0%
DCCCLXI 861
0%
DCCCLXII 862
0%
DCCCLXIII 863
0%
DCCCLXV 865
0%
DCCCLXVI 866
0%
DCCCLXVIII 868
0%
DCCCLXIX 869
0%
DCCCLXX 870
0%
DCCCLXXI 871
0%
DCCCLXXIV 874
0%
DCCCLXXV 875
0%
DCCCLXXVI 876
0%
DCCCLXXVIII 878
0%
DCCCLXXIX 879
0%
DCCCLXXXIII 883
0%
DCCCLXXXIV 884
0%
DCCCLXXXV 885
0%
DCCCLXXXVII 887
0%
DCCCLXXXVIII 888
0%
DCCCLXXXIX 889
0%
DCCCXC 890
0%
DCCCXCI 891
0%
DCCCXCII 892
0%
DCCCXCIV 894
0%
DCCCXCV 895
0%
DCCCXCVI 896
0%
DCCCXCVII 897
0%
DCCCXCIX 899
0%
CM 900
0%
CMI 901
0%
CMII 902
0%
CMIV 904
0%
CMV 905
0%
CMVI 906
0%
CMVII 907
0%
CMVIII 908
0%
CMIX 909
0%
CMX 910
0%
CMXI 911
0%
CMXII 912
0%
CMXVI 916
0%
CMXVII 917
0%
CMXVIII 918
0%
CMXIX 919
0%
CMXXI 921
0%
CMXXIII 923
0%
CMXXV 925
0%
CMXXVI 926
0%
CMXXVII 927
0%
CMXXVIII 928
0%
CMXXIX 929
0%
CMXXXI 931
0%
CMXXXII 932
0%
CMXXXIII 933
0%
CMXXXIV 934
0%
CMXXXV 935
0%
CMXXXVI 936
0%
CMXXXIX 939
0%
CMXL 940
0%
CMXLI 941
0%
CMXLII 942
0%
CMXLIV 944
0%
CMXLV 945
0%
CMXLVI 946
0%
CMXLVII 947
0%
CMXLVIII 948
0%
CMXLIX 949
0%
CMLI 951
0%
CMLII 952
0%
CMLIII 953
0%
CMLV 955
0%
CMLVII 957
0%
CMLVIII 958
0%
CMLIX 959
0%
CMLX 960
0%
CMLXI 961
0%
CMLXII 962
0%
CMLXIV 964
0%
CMLXVI 966
0%
CMLXVIII 968
0%
CMLXIX 969
0%
CMLXXI 971
0%
CMLXXIII 973
0%
CMLXXX 980
0%
CMLXXXII 982
0%
CMLXXXIII 983
0%
CMLXXXIV 984
0%
CMLXXXV 985
0%
CMLXXXVI 986
0%
CMLXXXVII 987
0%
CMLXXXVIII 988
0%
CMLXXXIX 989
0%
CMXC 990
0%
CMXCI 991
0%
CMXCII 992
0%
CMXCIV 994
0%
CMXCV 995
0%
CMXCVI 996
0%
CMXCVII 997
0%
CMXCVIII 998
0%
Nessun quiz corrispondente trovato
Distribuzione punteggi
Percentuale di utenti per punteggio
Percentile per numero di risposta
I tuoi punteggi nel tempo
Non hai fatto questo quiz